1286 1549 1251 1631 1789 1291 1715 1111 1059 1030 1879 1809 1780 1336 1931 1112 1273 1595 1408 1130 1459 1746 1519 1661 1729 1909 1162 1160 1323 1535 1469 1472 1309 1266 1292 1915 1819 1926 1517 1916 1277 1854 1542 1382 1510 1119 1565 1721 1658 1592 1384 1702 1167 1539 1213 1931 1279 1931 1799 1687 1230 1288 1398 1670 1997 1006 1768 1582 1335 1619 1577 1039 1335 1677 1284 1443 1169 1309 1741 1623 1239 1117 1337 1942 1821 1221 1110 1253 1232 1579 1293 1030 1753 1030 1317 1231 1283 1564 1048 BCNSPRNW ULIB Ver.6.0+V

เปลี่ยนเป็นภาษาไทย

Change to English
 แสดงรายละเอียดบรรณานุกรม
  กลับหน้าหลัก

Brief Record : Get Marc (ISO 2709) : E-mail record : QR code < ปิดหน้าต่าง
LEADER : 00000nam 2200000uu 4500
001    13399128382
003     ULIB
008    230707s2565||||th 000 0 tha d
020    ^a9786163986535
060  4 ^aWI710^bอ253ร
100 0  ^aอภิญญา ลีรพันธ์
245 00 ^aโรคตับในเวชปฏิบัติทั่วไป /^cบรรณาธิการ, อภิญญา ลีรพันธ์, กนกวรรณ ภิญโญพรพาณิชย์
250    ^aพิมพ์ครั้งที่ 1
260    ^aเชียงใหม่ : ^bหน่วยวิชาระบบทางเดินอาหาร ภาควิชาอายุรศาสตร์ คณะแพทยศาสตร์ มหาวิทยาลัยเชียงใหม่, ^c2565
300    ^a296 หน้า :^bภาพประกอบ (ภาพสีบางภาพ), แผนภูมิ ;^c25 ซม
500    ^aผู้ใหญ่
504    ^aบรรณานุกรมท้ายบทและดรรชนีท้ายเล่ม
505 0  ^aการตรวจประเมินค่าความผิดปกติของการทำงานตับ -- ไวรัสตับอักเสบ --โรคตับเนื่องจากแอลกอฮอล์ -- โรคตับคั่งไขมันที่ไม่ได้เกิดจากแอลกอฮอล์ --โรคตับเนื่องจากภูมิคุ้มกัน -- โรคตับวิลสัน -- โรคตับจากยา --โรคตับแข็งและการตรวจวินิจฉัยภาวะความดันเลือดพอร์ทัลสูง --ภาวะท้องมานน้ำ -- โรคเส้นเลือดดำโป่งพองในหลอดอาหาร --โรคเส้นเลือดดำโป่งพองในกระเพาะอาหารและโรคกระเพาะอาหารจากความดันหลอดเลือดดำพอร์ทัลสูง -- ความผิดปกติทางไตในผู้ป่วยโรคตับแข็ง --พยาธิกำเนิดของโรคสมองจากโรคตับและการรักษา --อาการแสดงและการวินิจฉัยโรคสมองจากโรคตับ --ภาวะไตวายเฉียบพลันในผู้ป่วยที่มีโรคตับเรื้อรัง -- มะเร็งตับปฐมภูมิ --การดูแลแบบประคับประคองสำหรับผู้ป่วยโรคตับระยะท้าย
650  2 ^aLiver Diseases
700 1  ^aอภิญญา ลีรพันธ์,^eบรรณาธิการ
700 1  ^aกนกวรรณ ภิญโญพรพาณิชย์,^eบรรณาธิการร่วม
710 2  ^aมหาวิทยาลัยเชียงใหม่.^bภาควิชาอายุรศาสตร์
945    ^p350^l0^i009886
945    ^p350^l0^i009887
999    ^aประนอม เกษจรัล
รายการนี้ยังไม่มีแท็ก
คุณยังไม่ได้ล็อกอิน คุณสามารถมีกิจกรรมร่วมกับเว็บไซต์ได้ แต่ต้องล็อกอินก่อน ::
  ล็อกอิน

รายการสื่อสารสนเทศ

ลำดับที่ ประเภท เลขเรียก/บาร์โค้ด สถานที่ สถานะ
1. วิทยาศาสตร์การแพทย์ และสุขภาพ
หนังสือสำรอง
สถานะ=หนังสือสำรอง
WI710 อ253ร ฉ.1 
  Barcode: 009886
ห้องสมุดวิทยาเขตสวรรค์ประชารักษ์
►หนังสือทั่วไป
บนชั้น
2. วิทยาศาสตร์การแพทย์ และสุขภาพ
วิทยาศาสตร์การแพทย์ และสุขภาพ
WI710 อ253ร ฉ.2 
  Barcode: 009887
ห้องสมุดวิทยาเขตสวรรค์ประชารักษ์
►หนังสือทั่วไป
บนชั้น

BibComment


ยังไม่เคยถูกคอมเมนท์

คอมเมนท์ทรัพยากรรายการนี้
  คอมเมนท์: โรคตับในเวชปฏิบั..


 Copyright 2026. Bcnsprnw @Library